| 000 | 00952nam a22001817a 4500 | ||
|---|---|---|---|
| 003 | OSt | ||
| 005 | 20251120131506.0 | ||
| 008 | 251120b |||||||| |||| 00| 0 eng d | ||
| 040 | _cDCL | ||
| 082 | _a၂၉၄.၃၈၂၃၅၈ | ||
| 130 |
_aတိပိဋက။ _pသုတ္တန္တပိဋက။ _pခုဒ္ဒကနိကာယ။ _tနေတ္ထိ၊ _lအဋ္ဌကထာ၊ _sနိဿယ။ |
||
| 245 |
_aနေတ္ထိအဋ္ဌကထာနိဿယ ၊ _nဒုတိယတွဲ / _cအရှင်သဒ္ဓမ္မန္ဒီ။ |
||
| 264 |
_aရန်ကုန် ၊ _bသာသနာရေးဦးစီး၊ _c၂၀၀၇။ |
||
| 300 |
_a၃၉၂ စာမျက်နှာ ၊ _c၂၅ စင်တီ။ |
||
| 650 |
_aနေတ္ထိ _vအဋ္ဌကထာနိဿယ။ |
||
| 700 | _aသဒ္ဓမ္မန္ဒီ၊ အရှင် | ||
| 942 |
_2ddc _cSHORT TERM _n0 |
||
| 999 |
_c2541 _d2541 |
||